[Event "IECG QN.2003.0.00305 email "]
[Site "IECG email"]
[Date "2003.12.26"]
[Round "?"]
[White "Heras, Alberto"]
[Black "Venturas, Bob"]
[Result "1-0"]
[WhiteElo "800"]
[BlackElo "584"]
[PlyCount "33"]
[EventDate "2003.12.26"]
[EventType "tourn (corr)"]
[EventRounds "6"]
[SourceTitle "Corr 2008"]
[Source "ChessBase"]
[SourceDate "2008.06.24"]
[SourceVersion "1"]
[SourceVersionDate "2008.06.24"]
[SourceQuality "1"]

1. e4 e5 2. Nf3 Nc6 3. Bc4 f6 4. d4 exd4 5. Nxd4 Ne5 6. Bxg8 Rxg8 7. Qh5+ g6 8. Qxh7 Rg7 9. Qh3 d6 10. Qb3 a6 11. Bh6 Qe7 12. Bxg7 Bxg7 13. Nc3 c5 14. Nd5 c4 15. Qa3 Qf7 16. Qxd6 Bd7 17. Nc7+ 1-0